Loading...
| Fine Arts - Classical Music | 0 | 6 | 0 | 0 | 60 | 82 | 90.83 | 0 | 3 |
| Literature - World Literature | 0 | 5 | 0 | 0 | 50 | 54 | 91.40 | 0 | 1 |
| Painting/Sculpture | 0 | 5 | 0 | 1 | 50 | 43 | 96.60 | 0 | 2 |
| Literature - European Literature | 0 | 5 | 1 | 0 | 45 | 77 | 98.40 | 0 | 2 |
| Literature - American Literature | 0 | 4 | 0 | 0 | 40 | 60 | 83.00 | 0 | 1 |
| Philosophy | 0 | 4 | 0 | 0 | 40 | 51 | 93.75 | 0 | 0 |
| Literature - British Literature | 0 | 4 | 0 | 1 | 40 | 86 | 102.50 | 0 | 0 |
| History - World History | 0 | 4 | 1 | 0 | 35 | 54 | 78.00 | 0 | 0 |
| Social Science | 0 | 3 | 0 | 3 | 30 | 101 | 102.00 | 0 | 1 |
| History - European History | 0 | 3 | 0 | 1 | 30 | 69 | 89.00 | 0 | 0 |
| History - Other History | 0 | 3 | 0 | 0 | 30 | 93 | 100.00 | 0 | 0 |
| Current Events | 0 | 2 | 0 | 1 | 20 | 45 | 75.50 | 0 | 0 |
| Geography | 0 | 2 | 0 | 0 | 20 | 63 | 85.00 | 0 | 1 |
| Fine Arts - Other Fine Arts | 0 | 2 | 0 | 0 | 20 | 111 | 113.00 | 0 | 0 |
| Religion | 0 | 2 | 0 | 0 | 20 | 61 | 80.50 | 0 | 1 |
| Science - Biology | 0 | 3 | 2 | 0 | 20 | 56 | 80.33 | 0 | 1 |
| Science - Chemistry | 0 | 2 | 0 | 0 | 20 | 83 | 84.00 | 0 | 0 |
| Mythology | 0 | 2 | 0 | 0 | 20 | 88 | 93.00 | 0 | 0 |
| Science - Physics | 0 | 1 | 1 | 1 | 5 | 100 | 100.00 | 0 | 0 |
| Science - Other Science | 0 | 1 | 1 | 0 | 5 | 85 | 85.00 | 0 | 0 |